000 00767nam a2200229 4500
010 _aB-121604
020 _a8176296287(Set)
_c2000(Set)
035 _aB-121604
037 _bCen Lib / Ret
040 _aDPL
_bEN
082 _a810.8
_bGOE
100 _aGoel, Aruna
245 _aAncient sanskrit visdom /
_cby Aruna Goel
260 _aDelhi
_bDeep & Deep Publications Pvt
_c2005
270 _a3190, Mohindra Park Tihar Village
_bNew Delhi
_e110034
300 _av 1. vii, 284
_b24cm
505 _av 1. Modern Science and Beyond ; v 2. Current problems and solutions
650 _aVedic literature -- History and criticism.
650 _aPhilosophy and science -- India.
650 _aPhilosophy, Indic.
942 _2ddc
_cEN
_h810.8
_mGOE
999 _c136503
_d136503